| 000 | 00875nam a22002657a 4500 | ||
|---|---|---|---|
| 999 |
_c4184 _d4184 |
||
| 003 | AR-CdUCM | ||
| 008 | 190308b ||||| |||| 00| 0 spa d | ||
| 040 |
_aMUNICIPALIDAD PROVINCIAL DEL CUSCO _cBIBLIOTECA MUNICIPAL DEL CUSCO |
||
| 082 |
_2kor _a779 / _bP99 |
||
| 110 |
_aPyongyang RRD de Corea _913262 |
||
| 245 | _aConstruccion de Corea / | ||
| 260 |
_aCorea : _bRevista ilustrada "Corea", _c1991. |
||
| 300 |
_a256 paginas ; _bIlustraciones en color, _c30 cm. |
||
| 500 |
_aDonación de la Familia Nieto _zFotografías de Corea |
||
| 650 |
_aChina _9843 |
||
| 650 |
_aConstrucción _94996 |
||
| 650 |
_aFotografías _913109 |
||
| 700 |
_a(Editores) Bon Zik, Jan _913263 |
||
| 700 |
_aBok Rok, Kim _913264 |
||
| 700 |
_aZung Guil, Ri _913265 |
||
| 700 |
_a(Traductores) Chun Man, Ri _913266 |
||
| 700 |
_aZong Ji, Che _913267 |
||
| 942 |
_2ddc _cLIBROS |
||
| 945 | _awnts | ||